Los algoritmos y la resolución automática de problemas /
Guardado en:
| Autor Principal: | |
|---|---|
| Formato: | Libro |
| Idioma: | Spanish Russian |
| Publicado: |
Moscú :
Mir,
c1977.
|
| Series: | Lecciones populares de matemáticas.
|
| Etiquetas: |
Agregar Etiqueta
Sin Etiquetas, Sea el primero en etiquetar este registro!
|
| LEADER | 00709nam a22001815a 4500 | ||
|---|---|---|---|
| 001 | MAT.inmabb006642 | ||
| 008 | 120814s1977####ru#a##########000#0#spa#d | ||
| 005 | 20160816165636.0 | ||
| 245 | 1 | 4 | |a Los algoritmos y la resolución automática de problemas / |c B. A. Trajtenbrot ; [traducido del ruso por Bernardo del Río Salceda]. |
| 260 | |a Moscú : |b Mir, |c c1977. | ||
| 300 | |a 109 p. : |b il. ; |c 20 cm. | ||
| 490 | 1 | |a Lecciones populares de matemáticas | |
| 100 | 1 | |a Trakhtenbrot, B. A. |q (Boris Avraamovich) | |
| 240 | 1 | 0 | |a Algorithmi i machinnoie rechenie zadatch. |l Español |
| 830 | 0 | |a Lecciones populares de matemáticas. | |
| 084 | |a 68-01 (68Wxx) |2 msc2000 | ||
| 041 | 1 | |a spa |h rus | |
| 859 | |h 68 |i T768e |p A-8652 |b BIB. MATEMATICA | ||
